Οι πόλεμοι του Βυζαντίου : μάχες και εκστρατείες της βυζαντινής εποχής

Αποθηκεύτηκε σε:
Λεπτομέρειες βιβλιογραφικής εγγραφής
Κύριος συγγραφέας: Haldon, John F.
Άλλοι συγγραφείς: Πρωτονοτάριος, Νίκος Α., 1960- (Μεταφραστής)
Μορφή: Βιβλίο
Γλώσσα:Greek
English
Δημοσίευση: Αθήνα : Τουρίκης, c2004.
Σειρά:Σειρά στρατηγικών μελετών
Θέματα:
Ετικέτες: Προσθήκη ετικέτας
Δεν υπάρχουν, Καταχωρήστε ετικέτα πρώτοι!

MARC

LEADER 00000cam a2200000 i 4500
001 1/45229
008 070530s2004 gr | ||| |||| ||gre||
020 |a 960878753X 
035 |l 10088065 
040 |a GR-MyUA  |b gre  |e AACR2 
041 1 |a gre  |h eng 
082 7 |a 938.305   |2 (22) 
100 1 |a Haldon, John F. 
245 1 3 |a Οι πόλεμοι του Βυζαντίου :   |b μάχες και εκστρατείες της βυζαντινής εποχής /   |c John Haldon ; μετάφραση: Νίκος Πρωτονοτάριος.  
260 |a Αθήνα :   |b Τουρίκης,   |c c2004.  
300 |a 275 σ. :   |b εικ., εικ. εγχρ., χάρτες, σχέδια ;   |c 24 εκ.  
490 1 |a (Σειρά στρατηγικών μελετών / Τουρίκης)  
500 |a Τίτλος πρωτοτύπου: The Byzantine Wars.  
504 |a Περιέχει βιβλιογραφία.  
651 0 |a Byzantine Empire  |x History, Military. 
651 0 |a Byzantine Empire  |x Army. 
700 1 |a Πρωτονοτάριος, Νίκος Α.,   |d 1960-  |e trl 
830 0 |a Σειρά στρατηγικών μελετών 
852 |a INST  |b LESVOS  |e 20070530  |h 938.305 HAL  |p 005100038529  |q 005100038529  |t BK  |y 0 
852 |a INST  |b LESVOS  |e 20081211  |h 938.305 HAL  |p 005100044119  |q 005100044119  |t BK  |y 0 
852 |a INST  |b LESVOS  |e 20081119  |h 938.305 HAL  |p 005100044262  |q 005100044262  |t BK  |y 0 
852 |a INST  |b LESVOS  |e 20110701  |h 938.305 HAL  |p 005100048745  |q 005100048745  |t BK  |y 0 
852 |a INST  |b RHODES  |e 20230925  |h 938.305 HAL  |p 005400043773  |q 005400043773  |t BK  |y 0 
901 |a BIBL1-2007-2 
901 |a BIBL1-2008-3 
901 |a BIBL1-2011-2 
909 |a Λ  |b 132260 
909 |a Λ  |b 141065 
909 |a Λ  |b 141197 
909 |a Λ  |b 168215 
920 |a ΦΟΙΤΗΤΙΚΗ ΜΕΡΙΜΝΑ  |y Λέσβος  |z 2008-11 
970 |a ΧΑΤΖΗΜΙΧΑΗΛ  |b ΜΑΡΙΑ  |z 2007/05/30